000 00941nam a22002657a 4500
005 20090518160142.0
008 081120t xxu||||| |||| 00| 0 eng d
010 _aENG-93587
020 _a9788120336551
_c325.00
035 _aEN-77120
037 _bDBAD / PUB
037 _bPriyanka Prakashan
040 _adpl
_bEnglish
082 _a332.1
100 _aMuraleedharan, D.
245 _aModern banking:
_cby D. Muraleedharan
_btheory and practice /
260 _aNew Delhi
_bPHI Learning
_c2009
270 _aM-97, Connaught Circus,
_bNew Delhi
_e110001
300 _axx, 428p.
_c25cm(pbk)
500 _aIncludes index
650 _bBanks and banking
942 _2ddc
_cEN
_mMUR
_h332.1
999 _c26544
_d26544